Statistics for Sweeter Than Fiction (TV) - Taylor Swift (All Lyrics)

Click here to take the quiz!

General Stats

  • This quiz has been taken 12 times
    (7 since last reset)
  • The average score is 376 of 466

Answer Stats

Lyrics% Correct
a
100%
all
100%
All
100%
fiction
100%
fiction)
100%
hear
100%
I
100%
(I
100%
"I
100%
I,
100%
is,
100%
is
100%
it
100%
It's
100%
(It's
100%
it's
100%
life
100%
me
100%
me)
100%
"No"
100%
on
100%
say,
100%
say
100%
(Sweeter
100%
sweeter,
100%
Sweeter
100%
sweeter
100%
than
100%
The
100%
the
100%
This
100%
this
100%
we
100%
you
100%
You
100%
your
100%
Your
100%
(Along)
83%
along)
83%
along"
83%
And,
83%
and
83%
ANd
83%
And
83%
are
83%
at
83%
could
83%
distance
83%
eh,
83%
eyes,
83%
feet
83%
ground,
83%
ground
83%
heard
83%
history
83%
Hit
83%
hit
83%
I'll
83%
in
83%
knees,
83%
knew
83%
know
83%
(Next
83%
next
83%
now,
83%
now
83%
Now,
83%
now"
83%
of
83%
oh,
83%
oh
83%
one
83%
rest
83%
sound,
83%
sound
83%
stand,
83%
tall)
83%
tall
83%
(Ten
83%
ten
83%
that
83%
there
83%
There
83%
they
83%
They
83%
to
83%
was,
83%
when,
83%
when
83%
wider
83%
will
83%
would
83%
yeah
83%
you'll
83%
be
67%
crawl
67%
ever
67%
(Forever)
67%
forever
67%
Just
67%
just
67%
last
67%
look
67%
"Look
67%
make
67%
once,
67%
only
67%
Only
67%
pain
67%
saw
67%
Seen
67%
seen
67%
thought
67%
weather,
67%
what
67%
"What
67%
you're
67%
better,
50%
call
50%
colors
50%
come
50%
comin',
50%
crowd,
50%
dark,
50%
don't
50%
fade
50%
fall,
50%
frame
50%
got,
50%
got
50%
hopes
50%
light
50%
like
50%
lost
50%
made
50%
many
50%
name
50%
never
50%
(Ooh)
50%
perfect
50%
picture
50%
proud,
50%
proud"
50%
put
50%
rain
50%
remember
50%
runnin'
50%
sayin'
50%
shot,
50%
shot
50%
sight"
50%
sight,
50%
someday,
50%
time
50%
us
50%
Wish
50%
won't
50%
"You've
50%
you've
50%
again
33%
came
33%
'Cause
33%
loved
33%
Proved
33%
proved
33%
right,
33%
right
33%
saying
33%
shattered
33%
slipped
33%
somethin',
33%
started
33%
them
33%
undone
33%
(Woah,
33%
(Woah)
33%
wrong
33%
ayy
0%

Score Distribution

Percentile by Number Answered

Percent of People with Each Score

Your Score History

You have not taken this quiz since the last reset